000 00721nam a2200289Ia 4500
005 20260324124219.0
008 008 260324s9999 xx 000 0 eng d
020 _a9780203848258
037 _aEBOOK
040 _aCRL
040 _beng
040 _cCRL
041 _2eng
041 _aeng
084 _qCRL
100 _aMichael Stancliff
_91173285
245 0 _aFrances Ellen Watkins Harper
245 0 _bAfrican American Reform Rhetoric and the Rise of a Modern Nation State
260 _bTaylor and Francis
260 _c2010
365 _a
365 _b230
856 _uhttp://www.taylorfrancis.com/books/9780203848258
942 _cEBOOK
999 _c1767483
_d1767483